000 00276nam a2200085Ia 4500
008 230915s9999 xx 000 0 und d
050 _aSB172 .B871985
245 0 _aGLOBAL NEEDS AND PROBLEMS OF THE COLLECTION STORAGE AND DISTRIBUTION OF MULTIPURPOSE TREE GERMPLASM
942 _cBK
999 _c201710
_d201710